Tài liệu bồi dưỡng giáo viên Giáo dục công dân
Trình bày về chuyên đề vai trò và ý nghĩa của việc dạy pháp luật trong giáo dục công dân, hoạt động giáo dục pháp luật ở một số nước hiện nay, phương pháp dạy môn học này ở trường trung học; các vấn đề lý luận cơ bản về nhà nước v...
Uloženo v:
| Médium: | Kniha |
|---|---|
| Jazyk: | Undetermined |
| Vydáno: |
Cần Thơ
Nxb. Đại học Cần Thơ
2015
|
| Témata: | |
| Tagy: |
Přidat tag
Žádné tagy, Buďte první, kdo otaguje tento záznam!
|
| Thư viện lưu trữ: | Trung tâm Học liệu Trường Đại học Cần Thơ |
|---|
| LEADER | 01267nam a2200193Ia 4500 | ||
|---|---|---|---|
| 001 | CTU_229681 | ||
| 008 | 210402s9999 xx 000 0 und d | ||
| 082 | |a 370.115 | ||
| 082 | |b T103/T.1 | ||
| 245 | 0 | |a Tài liệu bồi dưỡng giáo viên Giáo dục công dân | |
| 245 | 0 | |c Phan Trung Hiền ... [et al.] (Biên soạn) | |
| 260 | |a Cần Thơ | ||
| 260 | |b Nxb. Đại học Cần Thơ | ||
| 260 | |c 2015 | ||
| 520 | |a Trình bày về chuyên đề vai trò và ý nghĩa của việc dạy pháp luật trong giáo dục công dân, hoạt động giáo dục pháp luật ở một số nước hiện nay, phương pháp dạy môn học này ở trường trung học; các vấn đề lý luận cơ bản về nhà nước và pháp luật, các nội dung cơ bản của hiến pháp Việt Nam 2013 và luật hành chính Việt Nam; pháp luật điều chỉnh lĩnh vực giáo dục - luật giáo dục - luật an toàn giao thông | ||
| 650 | |a Giáo dục đạo đức,Moral education | ||
| 650 | |x Dạy và học,Study and teaching | ||
| 910 | |b nthai | ||
| 980 | |a Trung tâm Học liệu Trường Đại học Cần Thơ | ||